000 00273nam a2200121 a 4500
008 100916s1979|||| d
245 1 0 _aPeter a Lucia
100 1 _aRolland, Romain
260 _bTatran
_aBratislava
_c1979
044 _axo
_cSK
041 _aslo
020 _c12
999 _c10386
_d10386